[Event "Barquisimeto-ch (Women)"]
[Site "Barquisimeto"]
[Date "2011.10.28"]
[Round "11"]
[White "Duran Reina, Luisa Elena"]
[Black "Castellanos, Arianny"]
[Result "1/2-1/2"]
[WhiteElo "2025"]
[BlackElo "1802"]
[PlyCount "96"]
[EventDate "2011.10.21"]
[EventType "tourn"]
[EventRounds "11"]
[EventCountry "VEN"]
[SourceTitle "EXT 2022"]
[Source "ChessBase"]
[SourceDate "2021.10.06"]
[SourceVersion "1"]
[SourceVersionDate "2021.10.06"]
[SourceQuality "1"]

1. d4 d5 2. Nf3 Nf6 3. c4 c6 4. e3 e6 5. Nc3 Nbd7 6. Bd3 dxc4 7. Bxc4 b5 8. Bd3 Bd6 9. Qc2 Bb7 10. Ng5 Qe7 11. Nge4 Nxe4 12. Nxe4 Bb4+ 13. Bd2 0-0 14. Bxb4 Qxb4+ 15. Qc3 Qxc3+ 16. bxc3 Rfd8 17. Nd6 Rab8 18. a4 Nf6 19. Ne4 Nxe4 20. Bxe4 c5 21. Bxb7 Rxb7 22. axb5 Rxb5 23. Ke2 cxd4 24. exd4 a5 25. Rhb1 Rxb1 26. Rxb1 Kf8 27. Ke3 Ra8 28. Kd3 Ke7 29. Rb7+ Kf6 30. Kc2 a4 31. Kb2 Ra5 32. Ka3 e5 33. Kb4 a3 34. dxe5+ Kg5 35. f4+ Kh5 36. Kxa5 a2 37. Rxf7 a1Q+ 38. Kb4 Qb2+ 39. Kc5 Qxc3+ 40. Kd6 Qd2+ 41. Ke7 Qxg2 42. e6 Qb7+ 43. Kf8 Qc8+ 44. Ke7 Qc7+ 45. Ke8 Qc6+ 46. Ke7 Qc7+ 47. Kf8 Qc8+ 48. Ke7 Qc7+ 1/2-1/2

[Event "Barquisimeto-ch (Women)"]
[Site "Barquisimeto"]
[Date "2011.10.27"]
[Round "9"]
[White "Castellanos, Arianny"]
[Black "Gutierrez Salazar, Leonela"]
[Result "0-1"]
[WhiteElo "1802"]
[BlackElo "2045"]
[PlyCount "104"]
[EventDate "2011.10.21"]
[EventType "tourn"]
[EventRounds "11"]
[EventCountry "VEN"]
[SourceTitle "EXT 2022"]
[Source "ChessBase"]
[SourceDate "2021.10.06"]
[SourceVersion "1"]
[SourceVersionDate "2021.10.06"]
[SourceQuality "1"]

1. e4 c5 2. c3 d6 3. d4 Nd7 4. Nf3 e6 5. Bd3 Ngf6 6. h3 Be7 7. Be3 b6 8. Nbd2 cxd4 9. cxd4 Bb7 10. 0-0 0-0 11. Qe2 Re8 12. Bg5 Rc8 13. Rfc1 Rc7 14. Nc4 d5 15. Ncd2 Rxc1+ 16. Rxc1 dxe4 17. Nxe4 h6 18. Bf4 Nd5 19. Bd6 N7f6 20. Bxe7 Qxe7 21. Ne5 Nf4 22. Qe3 N6d5 23. Qd2 Nxd3 24. Qxd3 f5 25. Ng3 Nf4 26. Qc3 Nxg2 27. Qc7 Nf4 28. Qxe7 Rxe7 29. Kh2 Nd5 30. a3 Rc7 31. Rxc7 Nxc7 32. Ne2 g5 33. Kg3 f4+ 34. Kh2 Nb5 35. f3 Nd6 36. h4 Nf5 37. hxg5 hxg5 38. Kg2 Ba6 39. Nc3 Bb7 40. Nb5 a6 41. Nc7 Nxd4 42. Kf2 Kf8 43. Nd7+ Ke7 44. Nxb6 Nxf3 45. Nxa6 g4 46. Nc5 g3+ 47. Kg2 Nh4+ 48. Kg1 f3 49. Nxb7 f2+ 50. Kf1 Nf3 51. Nc8+ Kf6 52. Ncd6 Nh2+ 0-1

[Event "Barquisimeto-ch (Women)"]
[Site "Barquisimeto"]
[Date "2011.10.26"]
[Round "8"]
[White "Varela la Madrid, Tilsia Carolin"]
[Black "Castellanos, Arianny"]
[Result "1-0"]
[WhiteElo "1993"]
[BlackElo "1802"]
[PlyCount "69"]
[EventDate "2011.10.21"]
[EventType "tourn"]
[EventRounds "11"]
[EventCountry "VEN"]
[SourceTitle "EXT 2022"]
[Source "ChessBase"]
[SourceDate "2021.10.06"]
[SourceVersion "1"]
[SourceVersionDate "2021.10.06"]
[SourceQuality "1"]

1. e4 e5 2. Nf3 Nc6 3. Bb5 f5 4. Nc3 fxe4 5. Nxe4 Nf6 6. Qe2 d5 7. Nxf6+ gxf6 8. d4 Bg7 9. dxe5 0-0 10. e6 Qd6 11. 0-0 Ne5 12. Nd4 c6 13. Nf5 Qxe6 14. Nxg7 Kxg7 15. Bd3 Nxd3 16. Qxd3 Bd7 17. Bd2 b6 18. Rfe1 Qf7 19. Re3 Kh8 20. Rae1 Rae8 21. Qa3 Be6 22. Qd6 Bg4 23. Rxe8 Rxe8 24. Rxe8+ Qxe8 25. Qxf6+ Kg8 26. h3 Bh5 27. g4 Bg6 28. Bc3 Qf8 29. Qxc6 Qf3 30. Qa8+ Kf7 31. Qxa7+ Ke8 32. Qb8+ Kd7 33. Qb7+ Ke8 34. Qc8+ Ke7 35. Bb4+ 1-0

[Event "Barquisimeto-ch (Women)"]
[Site "Barquisimeto"]
[Date "2011.10.25"]
[Round "6"]
[White "Osorio Panda, Intinusta A"]
[Black "Castellanos, Arianny"]
[Result "1-0"]
[WhiteElo "1861"]
[BlackElo "1802"]
[PlyCount "45"]
[EventDate "2011.10.21"]
[EventType "tourn"]
[EventRounds "11"]
[EventCountry "VEN"]
[SourceTitle "EXT 2022"]
[Source "ChessBase"]
[SourceDate "2021.10.06"]
[SourceVersion "1"]
[SourceVersionDate "2021.10.06"]
[SourceQuality "1"]

1. e4 e5 2. d4 exd4 3. Nf3 Nc6 4. Nxd4 Nf6 5. Nxc6 bxc6 6. Bd3 d5 7. e5 Ng4 8. 0-0 f6 9. exf6 Nxf6 10. Re1+ Be7 11. Qe2 Kf7 12. Bg5 g6 13. Nd2 Re8 14. h3 Nh5 15. Nf3 Bd7 16. Ne5+ Kg7 17. Bh6+ Kg8 18. Nxc6 Bxc6 19. Qe6+ Kh8 20. Qxc6 Qd6 21. Bb5 Red8 22. Re6 Qxc6 23. Bxc6 1-0

[Event "Barquisimeto-ch (Women)"]
[Site "Barquisimeto"]
[Date "2011.10.22"]
[Round "1"]
[White "Castellanos, Arianny"]
[Black "Aponte Montes de Oca, Oriana Isabel"]
[Result "0-1"]
[WhiteElo "1802"]
[BlackElo "1885"]
[PlyCount "62"]
[EventDate "2011.10.21"]
[EventType "tourn"]
[EventRounds "11"]
[EventCountry "VEN"]
[SourceTitle "EXT 2022"]
[Source "ChessBase"]
[SourceDate "2021.10.06"]
[SourceVersion "1"]
[SourceVersionDate "2021.10.06"]
[SourceQuality "1"]

1. e4 c5 2. c3 d5 3. exd5 Qxd5 4. d4 g6 5. Be3 Bg7 6. Nf3 Nf6 7. Be2 cxd4 8. Qxd4 Qxd4 9. Nxd4 Nd5 10. Bg5 e5 11. Nb5 0-0 12. Nd6 Nc6 13. 0-0 Nd8 14. Bc4 Nf6 15. Re1 Ne6 16. Nxc8 Nxg5 17. Nd6 Rab8 18. Na3 Nd7 19. h4 Ne6 20. Bd5 b6 21. Nab5 a6 22. Bxe6 fxe6 23. Nc7 Nc5 24. b4 Nd3 25. Re2 Nf4 26. Rd2 Bh6 27. Rc2 Rbd8 28. Nc4 Rc8 29. Nxb6 Rxc7 30. a4 Nd3 31. Rb1 Nxf2 0-1